00000000nam##2200000za#4500
0019.516094
003CaOODSP
00520200327031602
007ta
008150406|1993||||xxc|||||     f|0| 0 eng|d
020 |a0-660-56532-3
022 |a0706-148X
040 |aCaOODSP|beng
041 |aeng
041 |afre
043 |an-cn---
0861 |aS52-2/207-1993
1101 |aCanada.|bPublic Works and Government Services Canada. |bTranslation Services.
24510|aElectronics and telecommunications vocabulary / |cPrepared by the Electronics and Telecommunications Terminology Committee.
260 |aOttawa - Ontario : |bPublic Works and Government Services Canada. |c1993.
300 |axx, 1151p. ; |c22 cm.
4901 |aTerminology bulletin|x0706-148X|v207
5203 |aDeveloped by the Electronics and Telecommunications Terminology Committee (CUTEL). This vocabulary meets the pressing need for standardized technical terminology. Of the 6,000 terms listed, 4,000 are defined in both official languages, providing an excellent source for those interested in the fields of electronics and telecommunications.Bilingual.
546 |aBilingual
563 |aSoftcover
590 |a94-02|b1994-01-14
69007|aTerminology|2gcpds
69007|aElectronics|2gcpds
69007|aTelecommunications|2gcpds
7760#|tVocabulaire de l'électronique et des telecommunications |w(CaOODSP)9.590508
792 |tVocabulaire de l'électronique et des télécommunications / |efre|w(CaOODSP)9.516095
830#0|aTerminology bulletin,|x0706-148X|v207|w(CaOODSP)9.509598